| 000 -LEADER |
| fixed length control field |
00733nam a2200217Ia 4500 |
| 001 - CONTROL NUMBER |
| control field |
3696 |
| 003 - CONTROL NUMBER IDENTIFIER |
| control field |
GE_BSU |
| 005 - DATE AND TIME OF LATEST TRANSACTION |
| control field |
20190805155614.0 |
| 008 - FIXED-LENGTH DATA ELEMENTS--GENERAL INFORMATION |
| fixed length control field |
181216s2012||||gb |||||||||||||| ||ger|| |
| 020 ## - INTERNATIONAL STANDARD BOOK NUMBER |
| International Standard Book Number |
9783851325546 |
| 040 ## - CATALOGING SOURCE |
| Transcribing agency |
GE_BSU |
| 041 ## - LANGUAGE CODE |
| Language code of text/sound track or separate title |
ger |
| 080 ## - UNIVERSAL DECIMAL CLASSIFICATION NUMBER |
| Universal Decimal Classification number |
32(430) |
| 100 ## - MAIN ENTRY--PERSONAL NAME |
| Personal name |
Comte, Auguste |
| 9 (RLIN) |
3109 |
| 245 ## - TITLE STATEMENT |
| Title |
System der positiven Politik / |
| Statement of responsibility, etc. |
Vierter Band von vier Bänden. Enthaltend das synthetische Tableau der Zukunft der Menschheit. Aus dem Französischen übersetzt von Jürgen Brankel. IV |
| 264 ## - PRODUCTION, PUBLICATION, DISTRIBUTION, MANUFACTURE, AND COPYRIGHT NOTICE |
| Place of production, publication, distribution, manufacture |
Berlin: |
| Name of producer, publisher, distributor, manufacturer |
Verlag Turia + Kant, |
| Date of production, publication, distribution, manufacture, or copyright notice |
2012. |
| 300 ## - PHYSICAL DESCRIPTION |
| Extent |
460 с. ; |
| Other physical details |
24 см. |
| 653 ## - INDEX TERM--UNCONTROLLED |
| keyword |
პოლიტიკა |
| 700 ## - ADDED ENTRY--PERSONAL NAME |
| Personal name |
Brankel, Jürgen |
| Relator term |
მთარგმნელი |
| 9 (RLIN) |
2400 |
| 942 ## - ADDED ENTRY ELEMENTS (KOHA) |
| Koha item type |
წიგნი |
| Source of classification or shelving scheme |
|